Statistiques concernant Périphéries de la Grèce

Cliquez ici pour prendre le quiz!

Statistiques générales

  • Ce quiz a été pris 89 fois
  • Le résultat moyen est 8 sur 14

Statistiques - réponses

Type de quizNom% Correct
PériphérieCrète
89%
PériphériePéloponnèse
82%
PériphérieAttique
77%
PériphérieMacédoine-Orientale-et-Thrace
66%
PériphérieMacédoine-Occidentale
59%
PériphérieÎles Ioniennes
57%
PériphérieThessalie
52%
Statut particulierRépublique monastique du Mont-Athos
48%
PériphérieÉpire
45%
PériphérieGrèce-Centrale
45%
PériphérieMacédoine-Centrale
39%
PériphérieÉgée-Méridionale
34%
PériphérieÉgée-Septentrionale
34%
PériphérieGrèce-Occidentale
32%

Distribution des résultats

Percentile par nombre de réponses

% des personnes avec chaque résultat

Votre développement - résultats

Vous n’avez pas pris ce quiz